| 000 | 01319nam2a2200277 4500 | ||
|---|---|---|---|
| 001 | rc\2999051 | ||
| 005 | 20110919142830.9 | ||
| 035 | _a(NLR Aleph) 007142580 | ||
| 090 |
_a13615019 _c13615019 |
||
| 100 | _a20041025d1941 |||y0rusy50 ca | ||
| 101 | 0 | _arus | |
| 102 | _aRU | ||
| 105 | _aa z ||||| | ||
| 200 | 1 |
_aТеплота. Молекулярная физика. Термодинамика _fДоц. С.Н. Жарков, доц. Э.Г. Кульман, проф. А.П. Поспелов |
|
| 210 | _d1941 | ||
| 215 |
_aТит. л., 6, 192 с. _cил., черт. |
||
| 300 | _a1 ч. вышла под загл.: Курс физики для студентов промышленных академий | ||
| 461 | 0 |
_1001rc\2999050 _12001#$aКурс физики$eДля студентов Всесоюз. школы техников$fПод ред.д-ра физ.-мат. наук проф. А.П. Поспелова$gВсес. школа техников$vЧ. 2 |
|
| 700 | 1 |
_aЖарков _bС. Н. _gСергей Николаевич |
|
| 701 | 1 |
_aКульман _bЭ. Г. _gЭдуард Густавович |
|
| 701 | 1 |
_aПоспелов _bА. П. _gАлександр Петрович |
|
| 801 | 0 |
_aRU _bNLR _gpsbo |
|
| 801 | 1 |
_aRU _bELAR _2rusmarc |
|
| 852 |
_aNLR _jФз02 Г-7/3(2) |
||
| 942 | _cBOOK | ||
| 980 | _aNB | ||